Introducción a la lógica (Registro nro. 5851)

Detalles MARC
000 -LEADER
fixed length control field 00753 a2200193 4500
001 - CONTROL NUMBER
control field 54965
005 - DATE AND TIME OF LATEST TRANSACTION
control field 20260407155825.0
008 - FIXED-LENGTH DATA ELEMENTS--GENERAL INFORMATION
fixed length control field 260407a1968 arg spa d
003 - CONTROL NUMBER IDENTIFIER
control field AR-UNSa-BCEJYS
040 ## - CATALOGING SOURCE
Original cataloging agency AR-UNSa-BCEJYS
Language of cataloging spa
Transcribing agency AR-UNSa-BCEJYS
080 ## - UNIVERSAL DECIMAL CLASSIFICATION NUMBER
Universal Decimal Classification number 161/162
Common auxiliary subdivision Principios fundamentales de la lógica
100 1# - MAIN ENTRY--PERSONAL NAME
Personal name Mitchel, David
245 10 - TITLE STATEMENT
Title Introducción a la lógica
264 #1 - PRODUCTION, PUBLICATION, DISTRIBUTION, MANUFACTURE, AND COPYRIGHT NOTICE
Place of production, publication, distribution, manufacture Barcelona :
Name of producer, publisher, distributor, manufacturer Labor
Date of production, publication, distribution, manufacture, or copyright notice 1968
300 ## - PHYSICAL DESCRIPTION
Extent 195 p.
Dimensions 20 cm.
505 ## - FORMATTED CONTENTS NOTE
Formatted contents note 1. La forma lógica – 2. La tradicional lógica de términos – 3. La lógica de proposiciones – 4. Existencias, predicación e identidad – 5. Proposiciones y hechos – 6. Lógica y lenguaje – 7. Lógica y lenguaje.
590 ## - LOCAL NOTE (RLIN)
Local note niveau_biblio:m niveau_hierar:0
942 ## - ADDED ENTRY ELEMENTS (KOHA)
Koha item type
Existencias
Withdrawn status Lost status Damaged status Not for loan Home library Current library Shelving location Date acquired Total checkouts Full call number Barcode Date last seen Price effective from Koha item type
        Biblioteca Prof. Eusebio Cleto del Rey Biblioteca Prof. Eusebio Cleto del Rey   07/04/2026   161/162 M679 L21595 07/04/2026 07/04/2026 Libro